=LDR 00000nam 2200000 4500 =001 INLIS000000000059080 =005 20211022024849 =035 ##$$a 0010-1021000528 =007 ta =008 211022###########################0#ind## =020 ##$$a 979-3715-53-7 =082 ##$$a 297.446 =084 ##$$a 297.446 Yah f =245 1#$$a Fikih Wanita Hamil /$c Yahya Abdurrahman al -Khatib =250 ##$$a Cet.2 =300 ##$$a 216 halaman ; $c 20 cm =650 #4$$a Fikih Wanita =264 ##$$a jakarta :$b Qisthi Press,$c 2006 =336 ##$$a teks$2 rdacontent =337 ##$$a lain-lain$2 rdamedia =338 ##$$a lain-lain$2 rdacarrier =990 ##$$a 23132313